000
00299nam a2200133Ia 4500
008
191201s2007 xx 000 0 und d
082
_a
658.5
_b
STO
100
_a
STEPHEN, P
245
0
_a
Organizational Behavior
260
_a
N.Delhi
_b
PHI
_c
2007
300
_a
828
650
_a
MBA
942
_2
ddc
_c
BK
999
_c
2664
_d
2664